| 000 | 00910 a2200181 4500 | ||
|---|---|---|---|
| 003 | NUST | ||
| 005 | 20230725092347.0 | ||
| 040 | _cNust | ||
| 082 | _a621.3815,FIT | ||
| 100 |
_aFitchen, Franklin C. _9113797 |
||
| 245 |
_aTransistor circuit analysis and design / _cFitchen, Franklin C. |
||
| 260 |
_aVan Nostrand _bPrinceton _c1960 |
||
| 300 |
_a356 p.; _billus _c 24 cm |
||
| 505 | _aIntroduction to the Transistor (Page-1), Semiconductor Physics (Page-20), The Operating Point (Page-43), Equivalent Circuits and Their Parameters (Page-69), Single-Stage Amplifier Design (Page-114), Large-Signal Amplifiers (Page-141), Multistage Amplifiers (Page-165), Feedback (Page-188), Communications Amplifiers (Page-226), Communications Circuits and Systems (Page-270), Pulse Circuits (Page-304). | ||
| 600 |
_aFitchen, Franklin C. _9113797 |
||
| 650 | _aTelecommunication engineering | ||
| 942 |
_2ddc _cBK _k621.3815,FIT |
||
| 999 |
_c182085 _d182085 |
||